| 000 | 00466nam a22001817a 4500 | ||
|---|---|---|---|
| 003 | NUST - PNEC | ||
| 005 | 20170116180851.0 | ||
| 008 | 150825b xxu||||| |||| 00| 0 eng d | ||
| 020 | _a- | ||
| 040 | _cLIBRARY | ||
| 082 | _a604.2 FRE | ||
| 100 |
_95708 _aFrench, Thomas E. |
||
| 245 |
_aMechanical drawing : a text with problem layouts _cThomas E. French |
||
| 250 | _a6th ed. | ||
| 260 | _cc1957. | ||
| 650 |
_95709 _aMechanical Drawing _xME |
||
| 942 |
_2ddc _cBK |
||
| 999 |
_c64620 _d64620 |
||